[Event "Challenge"]
[Site "http://www.queenalice.com/game.php?id=1334759"]
[Date "2015.1.13"]
[Round "-"]
[White "green60"]
[Black "AlekinePb"]
[Result "1/2-1/2"]
[WhiteElo "1971"]
[BlackElo "1925"]

1. e4 d6 2. Nf3 Nf6 3. Nc3 Bg4 4. h3 Bd7 5. d4 c6 6. e5 dxe5 7. dxe5 Ng8 8. Bd3
e6 9. O-O c5 10. Re1 Nc6 11. Be3 Qc7 12. Nb5 Qb6 13. a4 a6 14. Nd6+ Bxd6 15.
exd6 O-O-O 16. Qb1 Nb4 17. c3 Nd5 18. Bd2 Qxd6 19. b4 Ngf6 20. bxc5 Qxc5 21. Qb2
Bc6 22. Reb1 Nxc3 23. Be3 Nxa4 24. Qb3 Qc3 25. Bc2 Qxb3 26. Rxb3 Nd5 27. Ne5
Nxe3 28. Rxe3 Nb6 29. Nxf7 Rd2 30. Nxh8 Rxc2 31. Rxe6 Nd5 32. Rae1 Nf4 33. Re7
Nxg2 34. Re8+ Bxe8 35. Rxe8+ Kd7 36. Re4 Rc8 37. Nf7 Rf8 38. Ne5+ Kd6 39. Kxg2
b5 40. Nd3 Kd5 41. Rh4 h6 42. Nb4+ Kc5 43. Nxa6+ Kb6 44. Nb4 Ka5 45. Nc6+ Ka6
46. Nd4 Rc8 47. Nf5 Rc5 48. Nxg7 Rg5+ 49. Rg4 Rxg4+ 50. hxg4 b4 51. Ne6 Kb5 52.
Kf3 Kc4 53. Ke2 b3 54. Kd2 Kd5 55. g5 Kxe6 56. gxh6 Kf6 57. Kc3 Kg6 58. Kxb3
Kxh6 59. Kc3 Kg5 60. Kd3 Kf4 61. Ke2 Ke4 62. f3+ Kf4 1/2-1/2

[Event "Challenge"]
[Site "http://www.queenalice.com/game.php?id=1337626"]
[Date "2015.1.28"]
[Round "-"]
[White "kowal76"]
[Black "green60"]
[Result "0-1"]
[WhiteElo "1611"]
[BlackElo "1966"]

1. e4 e5 2. Nf3 Nc6 3. Bb5 Nge7 4. Bxc6 Nxc6 5. d4 exd4 6. Nxd4 Nxd4 7. Qxd4 d6
8. Bh6 c5 9. Qc3 Rg8 10. Be3 Qe7 11. e5 Qxe5 12. Qxe5+ dxe5 13. f4 exf4 14. Bxf4
Be6 15. a3 O-O-O 16. b4 Rd5 17. Nc3 Rd7 18. O-O g5 19. Be5 Be7 20. Nb5 b6 21. h3
Bc4 22. Rxf7 Bxb5 23. Rxh7 cxb4 24. Kh2 bxa3 25. Rf7 Rgd8 26. Rb1 Bc4 27. Rbf1
Bxf7 0-1

[Event "Challenge"]
[Site "http://www.queenalice.com/game.php?id=1338095"]
[Date "2015.1.30"]
[Round "-"]
[White "tucuman"]
[Black "green60"]
[Result "0-1"]
[WhiteElo "1649"]
[BlackElo "1968"]

1. e4 e5 2. Nf3 Nc6 3. Bc4 Bc5 4. d3 Nf6 5. h3 d6 6. Nc3 h6 7. O-O O-O 8. Nd5
Na5 9. Nxf6+ Qxf6 10. a3 Nxc4 11. dxc4 a6 12. b4 Bb6 13. Bb2 c5 14. bxc5 Bxc5
15. Nh2 Be6 16. Qf3 Qxf3 17. Nxf3 Bxc4 18. Rfe1 f5 19. Nd2 Be6 20. Nf3 fxe4 21.
Rxe4 Bd5 22. Re2 Bxf3 23. gxf3 Rxf3 24. Kf1 Raf8 25. Ke1 Bxf2+ 26. Kd1 Bc5 27.
Kd2 Rxh3 28. Rae1 Bxa3 29. Bc3 Bc5 30. Bb2 Rff3 31. Kc1 b5 32. Rd2 Be3 33. Bc3
Bxd2+ 34. Bxd2 Rf2 35. Rg1 Rhh2 0-1

[Event "Challenge"]
[Site "http://www.queenalice.com/game.php?id=1347322"]
[Date "2015.3.14"]
[Round "-"]
[White "tucuman"]
[Black "green60"]
[Result "0-1"]
[WhiteElo "1536"]
[BlackElo "1993"]

1. b3 e5 2. d3 d5 3. e3 Nf6 4. Bb2 Nc6 5. a3 Bd6 6. g3 Be6 7. Bg2 Qe7 8. h3 h6
9. Ne2 O-O 10. O-O a5 11. Nd2 Qd7 12. d4 Bxh3 13. Nf3 Bxg2 14. Kxg2 e4 15. Nh2
a4 16. b4 b5 17. Ng1 Ne7 18. Nh3 c6 19. Nf4 Bxf4 20. exf4 Nh7 21. Bc1 f5 22. Be3
Nf6 23. f3 Rae8 24. fxe4 Nxe4 25. Qe1 Rf6 26. Rf3 Nc8 27. c3 Nb6 28. Ra2 Nc4 29.
Nf1 Rfe6 30. Kh2 Nf6 31. Kg2 Ng4 32. Nh2 Ncxe3+ 33. Kh1 Nxh2 34. Qf2 Neg4 35.
Ra1 Nxf2+ 36. Kxh2 Ng4+ 37. Kg2 Re2+ 38. Kh3 Rh2# 0-1

[Event "Challenge"]
[Site "http://www.queenalice.com/game.php?id=1350680"]
[Date "2015.3.29"]
[Round "-"]
[White "jpribeiro"]
[Black "green60"]
[Result "0-1"]
[WhiteElo "1933"]
[BlackElo "1995"]

1. e4 e5 2. Nf3 Nc6 3. d4 exd4 4. Nxd4 Bc5 5. Nb3 Bb6 6. c4 d6 7. Nc3 Nge7 8.
Be3 Bxe3 9. fxe3 O-O 10. c5 dxc5 11. Qxd8 Rxd8 12. Nxc5 b6 13. Nb3 a5 14. Bc4
Ne5 15. Be2 Be6 16. Nd4 Bc4 17. O-O-O Bxe2 18. Ncxe2 Ng4 19. Nc2 Nf2 20. Rhf1
Nxd1 21. Rxd1 Rxd1+ 22. Kxd1 Rd8+ 23. Ke1 Ng6 24. Nf4 Nxf4 25. exf4 Re8 26. e5
f6 0-1

[Event "Challenge"]
[Site "http://www.queenalice.com/game.php?id=1352433"]
[Date "2015.4.8"]
[Round "-"]
[White "jpribeiro"]
[Black "green60"]
[Result "0-1"]
[WhiteElo "1926"]
[BlackElo "2009"]

1. Nf3 d5 2. g3 Bg4 3. Bg2 Nf6 4. O-O e6 5. h3 Bxf3 6. Bxf3 c6 7. d4 Bd6 8. Bg5
h6 9. Bd2 Qc7 10. Qe1 O-O 11. Nc3 Nbd7 12. a3 e5 13. dxe5 Nxe5 14. Bg2 Rfe8 15.
b3 Re7 16. f4 Ned7 17. Nd1 Rae8 18. Bf3 Nc5 19. b4 Nce4 20. Be3 g5 21. Bd4 gxf4
22. Bxf6 Nxf6 23. gxf4 Bxf4 24. Qf2 Qb6 25. Qxb6 axb6 26. Nc3 Be5 27. Na4 Bxa1
28. Rxa1 b5 29. Nc5 Ne4 30. Nxe4 dxe4 31. Bg4 Re5 32. Rd1 h5 33. Bd7 Rd8 0-1

[Event "Challenge"]
[Site "http://www.queenalice.com/game.php?id=1354220"]
[Date "2015.4.18"]
[Round "-"]
[White "green60"]
[Black "AlekinePb"]
[Result "1-0"]
[WhiteElo "2022"]
[BlackElo "1990"]

1. e4 e6 2. d4 d5 3. Nc3 Bb4 4. exd5 exd5 5. Nf3 Nf6 6. Bd3 O-O 7. O-O Bg4 8.
Bg5 Bxc3 9. bxc3 Qd6 10. Bxf6 Qxf6 11. Be2 c6 12. h3 Bh5 13. Ne5 Bxe2 14. Qxe2
Re8 15. Rfe1 Na6 16. Nd7 Qd8 17. Qg4 Rxe1+ 18. Rxe1 Nc7 19. Nc5 b6 20. Nb3 Ne6
21. f4 Kf8 22. Nd2 Qf6 23. f5 Ng5 24. h4 Ne4 25. Nxe4 dxe4 26. Rxe4 Rd8 27. c4
Rxd4 28. Rxd4 h5 29. Qf4 Qe7 30. Qb8+ 1-0

[Event "Challenge"]
[Site "http://www.queenalice.com/game.php?id=1359343"]
[Date "2015.5.13"]
[Round "-"]
[White "jpribeiro"]
[Black "green60"]
[Result "0-1"]
[WhiteElo "1952"]
[BlackElo "2037"]

1. e4 e5 2. Nf3 Nc6 3. Bc4 Bc5 4. O-O d6 5. c3 Bb6 6. d4 Bg4 7. h3 Bxf3 8. Qxf3
Qf6 9. Qxf6 Nxf6 10. dxe5 Nxe5 11. Bb3 O-O 12. Bc2 Rfe8 13. Kh2 Nc6 14. f3 d5
15. exd5 Nxd5 16. c4 Ne3 17. Bxe3 Rxe3 18. Nc3 Ne5 19. Nd5 Re2 20. Nxb6 axb6 21.
Rac1 Rxa2 22. Be4 Raxb2 23. f4 Rxe4 24. fxe5 Rxe5 25. Rce1 Ree2 26. Rxe2 Rxe2
27. Rd1 Re8 28. Rd7 Rc8 29. Rd5 g6 30. Rd7 h5 31. Re7 Kf8 32. Re5 Re8 33. Rb5
Re4 34. Rb4 Ke7 35. Kg3 Kd6 36. Kf3 f5 37. Kf2 Kc5 0-1

[Event "Challenge"]
[Site "http://www.queenalice.com/game.php?id=1361041"]
[Date "2015.5.22"]
[Round "-"]
[White "jpribeiro"]
[Black "green60"]
[Result "0-1"]
[WhiteElo "1940"]
[BlackElo "2050"]

1. e4 e5 2. Nf3 Nc6 3. Bb5 a6 4. Ba4 Nf6 5. O-O d6 6. d3 b5 7. Bb3 Bb7 8. Bg5 h6
9. Be3 Be7 10. Nc3 O-O 11. Qd2 Na5 12. Nd5 Nxb3 13. Nxf6+ Bxf6 14. axb3 c5 15.
c4 b4 16. Ra4 Bc6 17. Ra2 Qb6 18. Rfa1 Ra7 19. h4 Bd7 20. g3 Rfa8 21. Ra5 Qb8
22. Nh2 Qc8 23. Nf3 Bd8 24. R5a2 a5 25. Nh2 Bf6 26. Rf1 a4 27. bxa4 Rxa4 28.
Rxa4 Rxa4 29. f4 exf4 30. Bxf4 Be5 31. Bxe5 dxe5 32. Qf2 f6 33. b3 Ra3 34. Rb1
Qc7 35. Nf3 Qa5 36. Ne1 Bg4 37. Ng2 Ra1 38. Qb2 Rxb1+ 39. Qxb1 Qd8 40. Qf1 Qd4+
41. Kh2 Qc3 42. Ne3 Qd2+ 43. Ng2 Qd1 44. Kg1 Qxb3 45. Ne3 Bh5 46. g4 Bf7 47. Qd1
Qxd1+ 48. Nxd1 h5 49. Ne3 hxg4 50. Nxg4 b3 0-1

[Event "Challenge"]
[Site "http://www.queenalice.com/game.php?id=1361782"]
[Date "2015.5.26"]
[Round "-"]
[White "AlekinePb"]
[Black "green60"]
[Result "0-1"]
[WhiteElo "2018"]
[BlackElo "2062"]

1. d4 Nf6 2. c4 e6 3. Nf3 d5 4. Nc3 c6 5. Bg5 h6 6. Bh4 dxc4 7. a4 a6 8. e3 b5
9. axb5 cxb5 10. Nxb5 Qb6 11. Bxf6 Qxb5 12. Be5 Qxb2 13. Rb1 Bb4+ 14. Nd2 Bxd2+
15. Qxd2 Qxb1+ 16. Qd1 Qxd1+ 17. Kxd1 O-O 18. Bxc4 Nc6 19. Bc7 Ra7 20. Bd6 Rd8
21. Bc5 Rb7 22. Kc2 Rbd7 23. Ra1 e5 24. d5 Ne7 25. e4 Bb7 26. Rb1 Rc8 27. Bxe7
Rxc4+ 28. Kb3 Rxe4 29. d6 Bd5+ 30. Ka3 Re2 31. Bh4 Rxd6 32. Rd1 Rd7 33. Bg3 f6
34. Rd3 Ra2+ 35. Kb4 Rb7+ 36. Kc5 Bxg2 37. Kd6 a5 38. Rc3 Rd2+ 39. Ke6 Bh3# 0-1

[Event "Challenge"]
[Site "http://www.queenalice.com/game.php?id=1361783"]
[Date "2015.5.26"]
[Round "-"]
[White "AlekinePb"]
[Black "green60"]
[Result "0-1"]
[WhiteElo "2004"]
[BlackElo "2076"]

1. Nf3 d5 2. d4 Nf6 3. Bf4 c5 4. e3 Nc6 5. Bb5 Qa5+ 6. Nc3 Ne4 7. Bxc6+ bxc6 8.
O-O Nxc3 9. Qd2 Ne2+ 10. Qxe2 Ba6 11. Qd2 Qxd2 12. Nxd2 Bxf1 13. Kxf1 cxd4 14.
exd4 e6 15. c4 Bb4 16. c5 Bxd2 17. Bxd2 O-O 18. Bf4 a5 19. Bc7 a4 20. a3 Ra7 21.
Bb6 Re7 22. f4 f6 23. Re1 Rfe8 24. Kf2 e5 25. dxe5 fxe5 26. f5 Rf8 27. Ke3 Rxf5
28. Bd8 Re8 29. Bh4 g5 30. Bg3 h5 31. h4 gxh4 32. Bxh4 Rb8 33. Re2 Rb3+ 34. Kd2
Rxb2+ 35. Kd1 Rxe2 36. Kxe2 Kg7 37. Ke3 Rf1 38. Kd2 Ra1 39. Kc3 Rxa3+ 40. Kb2
Rb3+ 41. Kc2 Kg6 42. Be1 Kf5 43. g3 Ke4 0-1

[Event "Challenge"]
[Site "http://www.queenalice.com/game.php?id=1361784"]
[Date "2015.5.26"]
[Round "-"]
[White "AlekinePb"]
[Black "green60"]
[Result "1-0"]
[WhiteElo "2007"]
[BlackElo "2095"]

1. b3 d5 2. Bb2 Nf6 3. g3 e6 4. Bg2 c5 5. Nf3 Be7 6. d4 cxd4 7. Nxd4 e5 8. Nf3
e4 9. Nd4 Nc6 10. e3 Nxd4 11. Bxd4 Be6 12. O-O O-O 13. Nd2 b6 14. Re1 Bc5 15. c3
Rc8 16. Rc1 Bxd4 17. cxd4 Qd7 18. Qe2 Rc7 19. b4 Rfc8 20. Nb3 Qa4 21. Qd2 Rxc1
22. Rxc1 Rxc1+ 23. Nxc1 a5 24. bxa5 bxa5 25. Nb3 Qb4 26. Qc2 g6 27. Bf1 Bg4 28.
Qd2 Qxd2 29. Nxd2 Bd7 30. Nb3 a4 31. Nc5 Bc6 32. Be2 Nd7 33. Na6 f5 34. Nb4 Bb7
35. Bb5 Nb6 36. Kf1 Kf7 37. Ke2 Kf6 38. f4 exf3+ 39. Kxf3 g5 40. Nd3 h6 41. Nc5
Bc8 42. Nxa4 Nc4 43. Nc5 g4+ 44. Ke2 Nd6 45. Bd3 Ne4 46. Na4 Ng5 47. Nb6 Bb7 48.
a4 Nf3 49. a5 Nxh2 50. a6 Bc6 51. a7 Nf3 52. a8=Q Bxa8 53. Nxa8 h5 54. Nb6 Ke6
55. Bb1 h4 56. gxh4 Nxh4 57. Ba2 g3 58. Nxd5 Kf7 59. Nf4+ Ke7 60. Bd5 Kd6 61.
Ba8 Ke7 62. Ng2 Ng6 63. Kf3 Kf6 64. Kxg3 Kg5 65. Nf4 Ne7 66. Bd5 Kf6 67. Bb3 Nc6
68. Kf3 Ne7 69. Bc2 Nc6 70. Ne2 Nb4 71. Bb1 Nd5 72. Ng3 Ne7 73. Nxf5 Nxf5 74.
Bxf5 Kxf5 75. e4+ Ke6 76. Kf4 Kf6 77. d5 Kf7 78. e5 Ke7 79. Kf5 Kf7 80. d6 Ke8
81. e6 Kf8 82. Kf6 Ke8 83. d7+ Kd8 84. Kf7 Kc7 85. Ke7 Kc6 86. d8=Q Kc5 87. Qd3
Kc6 88. Kd8 Kc5 89. e7 Kc6 90. e8=Q+ Kb6 91. Qed7 Kc5 92. Qc7+ Kb4 93. Qb1+ Ka3
94. Qa7# 1-0

[Event "Challenge"]
[Site "http://www.queenalice.com/game.php?id=1361785"]
[Date "2015.5.26"]
[Round "-"]
[White "AlekinePb"]
[Black "green60"]
[Result "1-0"]
[WhiteElo "1991"]
[BlackElo "2099"]

1. c4 e5 2. g3 Nf6 3. Bg2 c6 4. Nc3 d5 5. cxd5 cxd5 6. d3 d4 7. Ne4 Nxe4 8. Bxe4
Nc6 9. Bg2 Bb4+ 10. Bd2 Bxd2+ 11. Qxd2 Qa5 12. Bxc6+ bxc6 13. Qxa5 O-O 14. Nf3
f6 15. O-O Be6 16. Rac1 Rfc8 17. Rc5 Bd5 18. Rfc1 h6 19. Qa6 e4 20. Rxd5 exf3
21. exf3 Re8 22. Rxc6 Re1+ 23. Kg2 Rae8 24. Rc8 Kh7 25. Rxe8 Rxe8 26. Rd7 Rg8
27. Qxa7 f5 28. Rxg7+ Rxg7 29. Qxd4 Rf7 30. a4 f4 31. a5 fxg3 32. fxg3 h5 33. a6
h4 34. a7 h3+ 35. Kf2 Rf8 36. Qe4+ Kg7 37. Qe7+ Kg8 38. Qxf8+ Kxf8 39. Ke3 Ke7
40. a8=Q Kf6 41. Kf4 Kg6 42. Qe8+ Kh6 43. Kf5 Kg7 44. d4 Kh7 45. Kf6 Kh6 46.
Qg6# 1-0

[Event "Challenge"]
[Site "http://www.queenalice.com/game.php?id=1361786"]
[Date "2015.5.26"]
[Round "-"]
[White "AlekinePb"]
[Black "green60"]
[Result "0-1"]
[WhiteElo "2027"]
[BlackElo "2079"]

1. g3 e5 2. Bg2 d5 3. d3 Nc6 4. Nf3 Nf6 5. Bg5 Bc5 6. O-O h6 7. Bxf6 Qxf6 8. Nc3
Be6 9. e4 d4 10. Nd5 Bxd5 11. exd5 Ne7 12. Re1 Bd6 13. Nd2 O-O 14. Ne4 Qg6 15.
c4 dxc3 16. Nxc3 f6 17. d4 Qf7 18. dxe5 fxe5 19. Qb3 Qxf2+ 20. Kh1 Qb6 21. Qa4
c6 22. dxc6 bxc6 23. Ne4 Qc7 24. Rad1 Rad8 25. Qb3+ Kh8 26. Qe6 Bb4 27. Rxd8
Qxd8 28. Nc3 Bxc3 29. bxc3 Ng8 30. Rxe5 Qd3 31. Re1 Qxc3 32. Bxc6 Rf6 33. Qe8
Qxc6+ 34. Qxc6 Rxc6 35. Re2 Nf6 36. Kg2 Nd5 37. Rb2 Ra6 38. Kf3 Nc3 39. h4 Rxa2
40. Rb7 Nd5 41. Kg4 Kh7 42. Rb5 Nf6+ 43. Kf5 a6 44. Rb3 a5 45. g4 Rf2+ 46. Ke6
Nxg4 47. Ra3 Rf6+ 48. Ke7 Rf5 49. Ke6 Kg6 50. Ke7 Kh5 51. Ke6 g6 52. Ra4 Kxh4
53. Ke7 Kg5 54. Ke6 h5 55. Ra1 h4 56. Ra3 Nf2 57. Re3 Kg4 58. Re1 h3 59. Rg1+
Kh5 60. Ke7 h2 61. Ra1 h1=Q 62. Rxh1+ Nxh1 63. Ke6 a4 64. Ke7 a3 65. Ke6 a2 66.
Ke7 a1=Q 67. Ke6 Qa6+ 68. Ke7 Rb5 69. Kf7 Rb7+ 0-1

[Event "Challenge"]
[Site "http://www.queenalice.com/game.php?id=1401617"]
[Date "2015.12.31"]
[Round "-"]
[White "AlekinePb"]
[Black "green60"]
[Result "0-1"]
[WhiteElo "1957"]
[BlackElo "2075"]

1. d4 d5 2. Nf3 Nf6 3. c4 dxc4 4. Nc3 a6 5. a4 Nc6 6. e4 Bg4 7. d5 Ne5 8. Be2
Bxf3 9. Bxf3 Nd3+ 10. Kf1 e6 11. dxe6 fxe6 12. Be2 Bb4 13. f3 O-O 14. Bxd3 Bxc3
15. bxc3 Qxd3+ 16. Qxd3 cxd3 17. Rb1 Nxe4 18. Ke1 d2+ 19. Bxd2 Nxd2 20. Kxd2
Rad8+ 21. Ke3 b6 22. c4 Rd6 23. Rbd1 Rfd8 24. Rxd6 Rxd6 25. Rc1 Rc6 26. Kd4 Rd6+
27. Ke3 Kf7 28. c5 Rd5 29. cxb6 cxb6 30. Rc6 Ra5 31. Rxb6 Rxa4 32. f4 h5 33. Kf3
Kf6 34. g4 Ra3+ 35. Kg2 hxg4 36. Rd6 a5 37. Rb6 a4 38. Rb5 Rf3 39. Rb4 a3 40.
Ra4 Kf5 41. Ra7 g5 42. fxg5 Kxg5 43. Ra5+ Kf4 44. Ra4+ Kf5 45. h4 Rh3 46. h5
Rxh5 47. Rxa3 Rh3 48. Ra8 Rc3 49. Rf8+ Ke4 50. Rg8 g3 51. Rg4+ Kf5 52. Rxg3
Rxg3+ 53. Kxg3 Ke4 54. Kf2 Kd3 55. Ke1 e5 56. Kd1 e4 57. Ke1 Ke3 58. Kf1 Kd2 59.
Kf2 e3+ 60. Kf3 e2 61. Kf4 e1=Q 62. Kf5 Kd3 63. Kf4 Qe4+ 64. Kg5 Qf3 65. Kg6 Ke4
66. Kg5 Qf5+ 67. Kh4 Qg6 68. Kh3 Kf3 0-1

[Event "Challenge"]
[Site "http://www.queenalice.com/game.php?id=1401618"]
[Date "2015.12.31"]
[Round "-"]
[White "green60"]
[Black "AlekinePb"]
[Result "1/2-1/2"]
[WhiteElo "2080"]
[BlackElo "1952"]

1. b4 d5 2. Bb2 Bf5 3. e3 e6 4. b5 c5 5. c4 a6 6. a4 axb5 7. cxb5 Qa5 8. Bc3 Qc7
9. Nf3 Nf6 10. d3 Nbd7 11. Nbd2 h6 12. Be2 Bd6 13. h3 O-O 14. O-O e5 15. e4 Be6
16. exd5 Nxd5 17. Bb2 b6 18. Nc4 f6 19. Nxd6 Qxd6 20. Qd2 Nf4 21. Ra3 Rfd8 22.
Rfa1 Nf8 23. Qc2 Bf5 24. Ne1 N8e6 25. Bf1 Nd5 26. g3 Nb4 27. Qd2 e4 28. d4 cxd4
29. Nc2 Nxc2 30. Qxc2 Rac8 31. Qb3 Kh8 32. g4 Bg6 33. Qg3 Qxg3+ 34. Rxg3 Rc2 35.
Bc1 d3 36. Be3 Nd4 37. Kh2 Nf3+ 38. Kg2 d2 39. Rd1 Rc1 40. Rxc1 d1=Q 41. Rxd1
Rxd1 42. Bxb6 Nh4+ 43. Kg1 Nf3+ 44. Kg2 Nh4+ 1/2-1/2

[Event "Challenge"]
[Site "http://www.queenalice.com/game.php?id=1413787"]
[Date "2016.3.16"]
[Round "-"]
[White "kowal76"]
[Black "green60"]
[Result "0-1"]
[WhiteElo "1632"]
[BlackElo "2093"]

1. e4 e5 2. Nf3 Nc6 3. Be2 Nf6 4. d3 d5 5. Nc3 Bb4 6. O-O Bxc3 7. bxc3 O-O 8.
Ba3 Re8 9. Qb1 dxe4 10. Ng5 exd3 11. Bxd3 h6 12. Ne4 b6 13. Nxf6+ Qxf6 14. Be4
Bb7 15. c4 Rab8 16. Rd1 Na5 17. Bd3 c5 18. f3 Qf4 19. Qb5 Nc6 20. Be4 Nd4 21.
Rxd4 exd4 22. Bxb7 Rxb7 23. Qxe8+ Kh7 24. Qe4+ Qxe4 25. fxe4 Re7 26. Re1 f5 27.
e5 Kg6 28. Bc1 Kf7 29. h4 Ke6 30. a4 Re8 31. a5 Rb8 32. Bd2 b5 33. a6 b4 34. g3
Rb6 35. g4 Rxa6 36. g5 hxg5 37. Bxg5 Ra2 38. h5 Rxc2 39. Ra1 b3 40. Rxa7 Kxe5
41. Re7+ Kd6 42. Rxg7 b2 43. Bf4+ Kc6 44. Rg2 b1=Q+ 45. Kh2 Rxg2+ 46. Kxg2 Qc2+
47. Kg3 Qd3+ 48. Kh4 Qf3 49. Bg3 d3 0-1

[Event "OS INCLIVEIS"]
[Site "http://www.queenalice.com/game.php?id=1414597"]
[Date "2016.3.22"]
[Round "-"]
[White "adelio"]
[Black "green60"]
[Result "0-1"]
[WhiteElo "1708"]
[BlackElo "2068"]

1. d4 d5 2. e4 dxe4 3. Nc3 Bf5 4. f3 exf3 5. Qxf3 Qc8 6. Bc4 Nf6 7. Bxf7+ Kxf7
8. Nge2 Bg4 9. Qf2 Bxe2 10. Nxe2 Nc6 11. O-O Kg8 12. Bg5 Qg4 13. Bxf6 exf6 14.
c3 Bd6 15. Ng3 Bxg3 16. hxg3 Kf7 17. b4 Rae8 18. Rae1 Rxe1 19. Qxe1 Re8 20. Qb1
Qxg3 21. Qb3+ Kf8 22. b5 Re2 23. Qd5 Ne7 24. Qf3 Qxf3 25. Rxf3 Rxa2 26. c4 Rc2
27. c5 Rd2 28. Rf4 Rb2 29. b6 axb6 30. cxb6 Rxb6 31. g4 Nd5 32. Re4 Nc3 33. Re3
Nb5 34. Re4 Rd6 35. Kg2 Rxd4 36. Rxd4 Nxd4 37. Kg3 c5 38. Kf4 c4 39. Ke4 c3 40.
Kxd4 c2 41. Ke4 c1=Q 42. Kd5 Qd1+ 43. Ke6 Qxg4+ 44. Kd6 Qf5 45. Kc7 Qe6 46. Kxb7
Ke7 47. Ka7 Qb3 48. Ka8 Kd7 49. Ka7 Kc7 50. Ka8 Qb7# 0-1

[Event "Challenge"]
[Site "http://www.queenalice.com/game.php?id=1414967"]
[Date "2016.3.25"]
[Round "-"]
[White "green60"]
[Black "kowal76"]
[Result "1/2-1/2"]
[WhiteElo "2075"]
[BlackElo "1618"]

1. e4 e5 2. Bc4 Nf6 3. d3 c5 4. Nf3 d6 5. O-O Bg4 6. h3 Bxf3 7. Qxf3 Nc6 8. c3
Qd7 9. Bg5 d5 10. exd5 e4 11. dxe4 Ne5 12. Qe2 Nh5 13. Bb5 Qxb5 14. Qxb5+ Nd7
15. b3 a6 16. Qxb7 Rb8 17. Qxa6 h6 18. Bh4 g5 19. Bg3 Rb6 20. Qc8+ Ke7 21. d6+
Ke6 22. Qe8+ Kf6 23. e5+ Kg7 24. e6 Nhf6 25. exd7 Bxd6 26. Qxh8+ Kxh8 27. d8=Q+
Kg7 28. Qxb6 Be7 29. Be5 g4 30. Bxf6+ Bxf6 31. Qxf6+ Kxf6 32. hxg4 Kg5 33. f3
Kh4 34. Kf2 1/2-1/2

[Event "OS INCLIVEIS"]
[Site "http://www.queenalice.com/game.php?id=1415561"]
[Date "2016.3.29"]
[Round "-"]
[White "adelio"]
[Black "green60"]
[Result "0-1"]
[WhiteElo "1710"]
[BlackElo "2066"]

1. d4 d5 2. e4 dxe4 3. Nc3 Nf6 4. f3 exf3 5. Nxf3 Bg4 6. h3 Bh5 7. g4 Bg6 8. Ne5
Nbd7 9. Bb5 c6 10. Nxc6 bxc6 11. Bxc6 Rc8 12. Qf3 e6 13. Nb5 Qb6 14. d5 exd5 15.
Qe2+ Be7 16. Bxd7+ Nxd7 17. Be3 Qe6 18. Rc1 O-O 19. Nd4 Qe5 20. Qf2 Bc5 21. O-O
f5 22. Qd2 Qg3+ 23. Kh1 Qxh3+ 24. Qh2 Qxe3 25. Nxf5 Bxf5 26. gxf5 Qe4+ 27. Qg2
Rxf5 28. Qxe4 Rxf1+ 29. Rxf1 dxe4 30. Rd1 Nf6 31. Kg2 Bb6 32. c3 Rd8 33. Rf1
Rd2+ 34. Kg3 Rxb2 35. a4 Rc2 36. Rb1 Rxc3+ 37. Kf4 Ra3 38. Rb4 Nd5+ 39. Kxe4
Nxb4 40. Ke5 Rxa4 41. Kf5 Kf7 42. Ke5 Ra5+ 43. Kd6 Rd5# 0-1

[Event "OS INCLIVES"]
[Site "http://www.queenalice.com/game.php?id=1415562"]
[Date "2016.3.29"]
[Round "-"]
[White "green60"]
[Black "adelio"]
[Result "1-0"]
[WhiteElo "2078"]
[BlackElo "1692"]

1. e4 a6 2. d4 c5 3. dxc5 e6 4. Be3 Nc6 5. c3 Be7 6. b4 h5 7. Be2 g6 8. Nf3 h4
9. Qd2 f6 10. h3 Ne5 11. Nxe5 fxe5 12. Na3 Nf6 13. f3 Nh5 14. O-O Nf4 15. Bxf4
exf4 16. Qxf4 g5 17. Qd2 b6 18. cxb6 Qxb6+ 19. Kh1 Bb7 20. Nc4 Qc7 21. Na5 O-O-O
22. Nxb7 Kxb7 23. Qd3 Ra8 24. a4 Rhg8 25. a5 d5 26. exd5 exd5 27. Qxd5+ Qc6 28.
Qxc6+ Kxc6 29. f4 Rad8 30. f5 Bf6 31. Bxa6 Rd2 32. Rad1 Rc2 33. Rc1 Rxc3 34.
Rxc3+ Bxc3 35. Rc1 Kd5 36. Rxc3 Ke4 37. Bc8 g4 38. hxg4 Kd4 39. Be6 Rb8 40. Rc4+
Kd3 41. f6 Re8 42. Rc6 Rb8 43. f7 Rxb4 44. f8=Q Rb1+ 45. Kh2 Ke3 46. Qf3+ Kd2
47. Rd6+ Ke1 48. Bc4 Rc1 49. Qe2# 1-0

[Event "Challenge"]
[Site "http://www.queenalice.com/game.php?id=1416641"]
[Date "2016.4.4"]
[Round "-"]
[White "kowal76"]
[Black "green60"]
[Result "1/2-1/2"]
[WhiteElo "1640"]
[BlackElo "2061"]

1. b4 e5 2. Bb2 Nf6 3. Bxe5 Bxb4 4. c3 Be7 5. g4 d6 6. g5 dxe5 7. gxf6 Bxf6 8.
d4 exd4 9. Qc2 Qd5 10. e4 dxe3 11. f3 Bf5 12. Qa4+ b5 13. Bxb5+ c6 14. Bc4 Bxc3+
15. Kf1 Bd3+ 16. Bxd3 Qxd3+ 17. Kg2 Bxa1 18. Nh3 O-O 19. Nf4 Qb5 20. Qe4 Qb2+
21. Kh3 Qe5 22. Re1 Qxe4 23. fxe4 Bd4 24. Ne2 c5 25. Nf4 Nd7 26. Nd5 Nf6 27.
Ne7+ Kh8 28. Nf5 Nxe4 29. Nxe3 Bxe3 30. Rxe3 f5 31. Kg2 Rab8 32. h4 Rxb1 1/2-1/2

[Event "Challenge"]
[Site "http://www.queenalice.com/game.php?id=1417209"]
[Date "2016.4.8"]
[Round "-"]
[White "Joao_Dias"]
[Black "green60"]
[Result "0-1"]
[WhiteElo "1872"]
[BlackElo "2070"]

1. e3 e5 2. Nc3 d5 3. Nge2 Nc6 4. a3 Nf6 5. h3 Be6 6. d4 exd4 7. exd4 Bd6 8. Bg5
h6 9. Bxf6 Qxf6 10. Nb5 a6 11. Nxd6+ cxd6 12. c3 O-O 13. g4 g5 14. Ng3 Qg6 15.
Bd3 Qg7 16. Nh5 Qh8 17. Qf3 f5 18. Bxf5 Bxf5 19. Qxd5+ Rf7 20. gxf5 Re8+ 21. Kd2
Qh7 22. Ng3 Ne7 23. Qe6 Rf8 24. f6 Nc8 25. Nf5 Qg6 26. Rag1 Kh7 27. Nxd6 Rxf6
28. Qd7+ Kg8 29. Re1 Rxf2+ 30. Re2 Qxd6 31. Qg4 Qf4+ 32. Kd1 Qxg4 33. hxg4 Rxe2
34. Kxe2 Rf4 35. Rxh6 Rxg4 36. Rh2 Kg7 37. b4 b5 38. Kd2 Nd6 39. Kc2 Nc4 40. Kb3
Rg1 41. Ka2 g4 42. d5 g3 43. Re2 g2 44. d6 Nxd6 0-1

[Event "Challenge"]
[Site "http://www.queenalice.com/game.php?id=1423979"]
[Date "2016.5.21"]
[Round "-"]
[White "yoda77"]
[Black "green60"]
[Result "0-1"]
[WhiteElo "2118"]
[BlackElo "2047"]

1. e4 e5 2. Nf3 Nc6 3. Bb5 a6 4. Ba4 Nge7 5. O-O d6 6. Nc3 Bd7 7. d4 exd4 8.
Nxd4 Nxd4 9. Qxd4 b5 10. Bb3 c5 0-1